[Event "3. ODEM U25 2006"]
[Site "Willingen GER"]
[Date "2006.06.05"]
[Round "3"]
[White "Häcker, Katrin"]
[Black "Huhnstock, Rico"]
[Result "0-1"]
[Termination "normal"]
[Board "27"]
[WhiteElo "1457"]
[BlackElo "1795"]
[PlyCount "96"]
[WhiteFideId "24667986"]
[BlackFideId "24642932"]
[EventCountry "GER"]
[EventRounds "9"]
[EventType "swiss"]
[EventDate "2006.06.03"]

1. e4 c5 2. Nf3 Nc6 3. d4 cxd4 4. Nxd4 Nf6 5. Nc3 e5 6. Nf3 Bb4 7. Bd2 Bxc3 8.
Bxc3 Nxe4 9. Bxe5 Nxe5 10. Nxe5 Qa5+ 11. c3 Qxe5 12. Qe2 Qe6 13. Qe3 O-O 14.
Bd3 Nf6 15. O-O Qxe3 16. fxe3 d5 17. Rad1 Bd7 18. c4 dxc4 19. Bxc4 Be6 20. Bxe6
fxe6 21. Rd6 e5 22. Rc1 Rac8 23. Rcd1 Rc2 24. R1d2 Rc1+ 25. Rd1 Rxd1+ 26. Rxd1
Rc8 27. a3 Rc2 28. b4 Rc3 29. Rd8+ Kf7 30. Rb8 Rc7 31. Rd8 Ng4 32. Rd1 Nxe3 33.
Re1 Nc4 34. a4 Ke6 35. Kf2 Nb2 36. Ke3 Rc4 37. a5 Rxb4 38. Kd2 Na4 39. Ra1 Nc5
40. Kc3 Rg4 41. Ra2 Kd5 42. Rd2+ Rd4 43. Ra2 e4 44. Rf2 g6 45. Rf7 e3 46. Rf1
Ne4+ 47. Kc2 Rd2+ 48. Kc1 e2 0-1

[Event "3. ODEM U25 2006"]
[Site "Willingen GER"]
[Date "2006.06.05"]
[Round "3"]
[White "Klebanov, Andrej"]
[Black "Kinzel, Franziska"]
[Result "1-0"]
[Termination "normal"]
[Board "28"]
[WhiteElo "1758"]
[BlackElo "1426"]
[PlyCount "55"]
[WhiteFideId "24669989"]
[EventCountry "GER"]
[EventRounds "9"]
[EventType "swiss"]
[EventDate "2006.06.03"]

1. d4 d5 2. c4 e6 3. Nc3 Nf6 4. Nf3 Nbd7 5. Bg5 Be7 6. e3 c6 7. Bd3 h6 8. Bf4
O-O 9. c5 b6 10. b4 bxc5 11. bxc5 Qa5 12. Qd2 Ne8 13. g4 Ba6 14. g5 hxg5 15.
Nxg5 g6 16. h4 Nef6 17. Ke2 Bxd3+ 18. Qxd3 Kg7 19. h5 Ne4 20. Ncxe4 dxe4 21.
Qxe4 Qb5+ 22. Kf3 Bxg5 23. Bxg5 Rae8 24. Rab1 Qa6 25. Bh6+ Kxh6 26. hxg6+ Kg7
27. Rh7+ Kg8 28. g7 1-0

[Event "3. ODEM U25 2006"]
[Site "Willingen GER"]
[Date "2006.06.05"]
[Round "3"]
[White "Elser, Niklas"]
[Black "Vetter, Ulf"]
[Result "1-0"]
[Termination "normal"]
[Board "29"]
[WhiteElo "1709"]
[BlackElo "1376"]
[PlyCount "73"]
[WhiteFideId "24634573"]
[EventCountry "GER"]
[EventRounds "9"]
[EventType "swiss"]
[EventDate "2006.06.03"]

1. e4 e6 2. d4 d5 3. exd5 exd5 4. Nf3 Nf6 5. c4 Bg4 6. h3 Bh5 7. Nc3 c6 8. Be3
Bd6 9. Be2 O-O 10. g4 Bg6 11. O-O Nbd7 12. cxd5 Nxd5 13. Nxd5 cxd5 14. Qb3 Nb6
15. Ne5 Bxe5 16. dxe5 d4 17. Rad1 Qh4 18. Bxd4 Rac8 19. Rc1 h5 20. Qg3 Qd8 21.
Rxc8 Qxc8 22. gxh5 Qc2 23. Bd1 Qe4 24. Bxb6 axb6 25. hxg6 fxg6 26. Bb3+ Kh7 27.
f4 Qd4+ 28. Rf2 Rf5 29. Bc2 Qd7 30. Rg2 Kg8 31. Bxf5 Qxf5 32. Qxg6 Qd7 33. e6
Qd4+ 34. Kh1 Qd1+ 35. Kh2 Qd4 36. Qf7+ Kh7 37. e7 1-0

[Event "3. ODEM U25 2006"]
[Site "Willingen GER"]
[Date "2006.06.05"]
[Round "3"]
[White "Maier, Marius"]
[Black "Mertens, Fridolin"]
[Result "1-0"]
[Termination "normal"]
[Board "30"]
[WhiteElo "1439"]
[BlackElo "1694"]
[PlyCount "37"]
[BlackFideId "24671940"]
[EventCountry "GER"]
[EventRounds "9"]
[EventType "swiss"]
[EventDate "2006.06.03"]

1. d4 d5 2. Nf3 Nf6 3. e3 e6 4. Bd3 c5 5. c3 c4 6. Bc2 Bd6 7. Nbd2 Bd7 8. O-O
O-O 9. Re1 b5 10. e4 dxe4 11. Nxe4 Nxe4 12. Bxe4 Bc6 13. Bxh7+ Kh8 14. Be4 Be7
15. Ng5 Bxg5 16. Qh5+ Bh6 17. Bxh6 Kg8 18. Bh7+ Kh8 19. Bg5 1-0

[Event "3. ODEM U25 2006"]
[Site "Willingen GER"]
[Date "2006.06.05"]
[Round "3"]
[White "Balkan, Levent"]
[Black "Gonnermann, Jan"]
[Result "0-1"]
[Termination "normal"]
[Board "31"]
[WhiteElo "1380"]
[BlackElo "1689"]
[PlyCount "62"]
[BlackFideId "24646830"]
[EventCountry "GER"]
[EventRounds "9"]
[EventType "swiss"]
[EventDate "2006.06.03"]

1. e4 e5 2. Nf3 Nc6 3. Bc4 Bc5 4. c3 Nf6 5. d3 d6 6. Bg5 h6 7. Bh4 Bg4 8. Nbd2
g5 9. Bg3 Qd7 10. h3 Be6 11. b4 Bb6 12. Qb3 a6 13. Bxe6 fxe6 14. Nc4 Nh5 15.
Nxb6 cxb6 16. d4 Nxg3 17. fxg3 exd4 18. cxd4 d5 19. exd5 Qxd5 20. Qd3 O-O-O 21.
Rc1 Kb8 22. Rc4 e5 23. Rxc6 Qxc6 24. Nxe5 Qc1+ 25. Ke2 Qxh1 26. Qg6 Qxg2+ 27.
Ke3 Qxg3+ 28. Ke2 Rhe8 29. Qf6 Qh2+ 30. Ke1 Rxd4 31. Kf1 Rd1# 0-1

[Event "3. ODEM U25 2006"]
[Site "Willingen GER"]
[Date "2006.06.05"]
[Round "3"]
[White "Kling, Felix"]
[Black "Biebinger, Eva"]
[Result "1-0"]
[Termination "normal"]
[Board "32"]
[WhiteElo "1684"]
[BlackElo "1344"]
[PlyCount "121"]
[EventCountry "GER"]
[EventRounds "9"]
[EventType "swiss"]
[EventDate "2006.06.03"]

1. d4 Nf6 2. Bg5 e6 3. Nf3 d5 4. e3 c6 5. Bd3 Be7 6. Nbd2 Nbd7 7. c3 b6 8. O-O
Bb7 9. Ne5 Nxe5 10. dxe5 Nd7 11. Bxe7 Qxe7 12. f4 c5 13. e4 c4 14. Bc2 Qc5+ 15.
Kh1 b5 16. exd5 Bxd5 17. Qe2 Rd8 18. Be4 Nb6 19. Bxd5 Qxd5 20. Ne4 Qd3 21. Qxd3
cxd3 22. Nd6+ Ke7 23. Nxb5 Nc4 24. Nd4 Rd7 25. b3 Ne3 26. Rf3 Nd5 27. Rxd3 Nxf4
28. Rd2 Rc8 29. Rad1 Ke8 30. Nb5 Rxd2 31. Rxd2 Rc5 32. g3 Ng6 33. Nxa7 Nxe5 34.
c4 Ke7 35. Kg2 g5 36. a4 g4 37. a5 Rxa5 38. Nc8+ Kf6 39. Nd6 Kg6 40. Rc2 Nd3
41. Kf1 Ra1+ 42. Ke2 Nc1+ 43. Rxc1 Rxc1 44. b4 Rb1 45. b5 Kf6 46. c5 Ke7 47.
Kd3 Rb4 48. Kc3 Rb1 49. Kc4 Kd7 50. Nxf7 h5 51. Ne5+ Kc7 52. Nd3 Rh1 53. b6+
Kc6 54. Nb4+ Kb7 55. Kb5 Rb1 56. c6+ Kb8 57. Kc5 Rc1+ 58. Kd6 Rc4 59. Na6+ Ka8
60. b7+ Ka7 61. b8=Q+ 1-0

[Event "3. ODEM U25 2006"]
[Site "Willingen GER"]
[Date "2006.06.05"]
[Round "3"]
[White "Tsoumanis, Konstantinos"]
[Black "Weißbeck, Simon"]
[Result "0-1"]
[Termination "normal"]
[Board "33"]
[WhiteElo "1322"]
[BlackElo "1672"]
[PlyCount "106"]
[BlackFideId "24646865"]
[EventCountry "GER"]
[EventRounds "9"]
[EventType "swiss"]
[EventDate "2006.06.03"]

1. Nf3 Nf6 2. g3 g6 3. Bg2 Bg7 4. O-O O-O 5. c4 c5 6. d3 Nc6 7. Nc3 d6 8. a3
Bg4 9. Bd2 Qd7 10. Qc1 Bxf3 11. Bxf3 Nd4 12. Qd1 Nxf3+ 13. exf3 Rfe8 14. Ne4
Nxe4 15. fxe4 Bxb2 16. Rb1 Bxa3 17. Qb3 Bb4 18. Bxb4 cxb4 19. Qxb4 b6 20. Ra1
Qc7 21. Ra2 Qc5 22. Qxc5 dxc5 23. Rfa1 a5 24. Rb2 Reb8 25. Rab1 Ra6 26. f4 f6
27. Kf2 e5 28. Ke3 Kf7 29. f5 g5 30. Kf3 h5 31. h3 Ke7 32. g4 h4 33. Ke3 Kd6
34. Kd2 Kc6 35. Kc3 a4 36. Ra1 b5 37. cxb5+ Rxb5 38. Rxb5 Kxb5 39. Rb1+ Ka5 40.
Kc4 Rb6 41. Ra1 Rb4+ 42. Kxc5 Rd4 43. Ra3 Rd8 44. Kc4 Rc8+ 45. Kd5 Kb4 46. Ra1
Kb3 47. Ke6 Rc6+ 48. Kd5 Ra6 49. d4 exd4 50. Kxd4 Ra5 51. Kd3 Kb2 52. Re1 a3
53. Re2+ Kb3 0-1

[Event "3. ODEM U25 2006"]
[Site "Willingen GER"]
[Date "2006.06.05"]
[Round "3"]
[White "Bergner, Philipp"]
[Black "Gogol, Max"]
[Result "1-0"]
[Termination "normal"]
[Board "34"]
[WhiteElo "1668"]
[BlackElo "1220"]
[PlyCount "45"]
[WhiteFideId "24664839"]
[BlackFideId "4620429"]
[EventCountry "GER"]
[EventRounds "9"]
[EventType "swiss"]
[EventDate "2006.06.03"]

1. c4 e6 2. d4 d5 3. Nc3 c6 4. Nf3 Nf6 5. Bg5 h6 6. Bh4 Nbd7 7. e3 g5 8. Bg3
Nh5 9. c5 Nxg3 10. hxg3 f5 11. Nd2 Nf6 12. b4 Bg7 13. Be2 Qc7 14. Nb3 Bd7 15.
a4 Ne4 16. Nxe4 dxe4 17. Qc2 e5 18. Rd1 Be6 19. b5 Bxb3 20. Qxb3 Qa5+ 21. Kf1
g4 22. Qe6+ Kf8 23. Qxf5+ 1-0

[Event "3. ODEM U25 2006"]
[Site "Willingen GER"]
[Date "2006.06.05"]
[Round "3"]
[White "Bauer, Hermann"]
[Black "Sancar, Kenan"]
[Result "0-1"]
[Termination "normal"]
[Board "35"]
[WhiteElo "1022"]
[BlackElo "1661"]
[PlyCount "60"]
[WhiteFideId "24601730"]
[BlackFideId "24647543"]
[EventCountry "GER"]
[EventRounds "9"]
[EventType "swiss"]
[EventDate "2006.06.03"]

1. d4 Nf6 2. Nd2 g6 3. e4 d6 4. g3 Bg7 5. Ne2 O-O 6. Bg2 Nbd7 7. c3 c5 8. O-O
Rb8 9. a3 b6 10. Nc4 Qc7 11. d5 Ba6 12. Nd2 e6 13. c4 exd5 14. cxd5 Rfe8 15.
Re1 Ne5 16. Nc3 Nd3 17. Re3 Nd7 18. Nf3 Nxc1 19. Rxc1 Bh6 20. Qe1 Nf6 21. h4
Ng4 22. Nh2 Nxe3 23. fxe3 Re7 24. Ng4 Bg7 25. Rc2 Rbe8 26. Rf2 Qd7 27. Bh3 Kh8
28. Kh2 f5 29. exf5 gxf5 30. Qf1 Bxf1 0-1

[Event "3. ODEM U25 2006"]
[Site "Willingen GER"]
[Date "2006.06.05"]
[Round "3"]
[White "Usov, Andreas"]
[Black "Eigemann, Julian"]
[Result "0-1"]
[Termination "normal"]
[Board "40"]
[WhiteElo "1126"]
[BlackElo "1468"]
[PlyCount "158"]
[WhiteFideId "24601713"]
[BlackFideId "24666599"]
[EventCountry "GER"]
[EventRounds "9"]
[EventType "swiss"]
[EventDate "2006.06.03"]

1. e4 d5 2. exd5 Qxd5 3. Nc3 Qa5 4. d3 Nf6 5. Bd2 Qb6 6. Rb1 Nc6 7. Nf3 Bg4 8.
Be2 O-O-O 9. Ng5 Ne5 10. Nce4 h6 11. Nxf6 Bxe2 12. Qxe2 exf6 13. Nf3 Bc5 14.
O-O Rhe8 15. Nxe5 Rxe5 16. Qg4+ Kb8 17. Qxg7 Re2 18. Qxh6 Bxf2+ 19. Kh1 Rg8 20.
Qf4 Bg3 21. Qb4 Rxg2 22. hxg3 Qc6 23. Qe4 Qxe4 24. dxe4 Rxd2 25. Rxf6 b6 26.
Rxf7 Rxg3 27. Re1 Rd6 28. Rh7 Re6 29. Rh5 Rg4 30. e5 Kb7 31. Kh2 Kc6 32. Kh3
Rg8 33. c3 Kd5 34. Rd1+ Kc6 35. b3 Reg6 36. c4 Rg3+ 37. Kh2 Rg2+ 38. Kh1 Rxa2
39. Rh6+ Kb7 40. Re1 Rd2 41. Rh5 Rd7 42. e6 Re7 43. Rh6 Kc6 44. b4 Rg4 45. Rc1
Re4 46. b5+ Kb7 47. c5 bxc5 48. Rxc5 R4xe6 49. Rh8 Re5 50. Rh5 Rxc5 51. Rxc5
Kb6 52. Rf5 Rg7 53. Re5 Rg4 54. Kh2 Rb4 55. Kg2 Rxb5 56. Re3 a5 57. Re6+ c6 58.
Kf3 Rd5 59. Ke3 a4 60. Re4 Kb5 61. Rf4 c5 62. Rf1 a3 63. Ke4 Rd2 64. Ke3 Rb2
65. Ra1 a2 66. Kd3 Kb4 67. Ke3 Kb3 68. Kd3 Rb1 69. Rxa2 Kxa2 70. Kc2 c4 71. Kc3
Rc1+ 72. Kd2 Kb2 73. Ke2 c3 74. Kf2 Rd1 75. Kg2 c2 76. Kh2 c1=Q 77. Kg2 Qc2+
78. Kh3 Rg1 79. Kh4 Qh2# 0-1

[Event "3. ODEM U25 2006"]
[Site "Willingen GER"]
[Date "2006.06.05"]
[Round "3"]
[White "Wenninger, Philipp"]
[Black "Lebeda, Lukas"]
[Result "1-0"]
[Termination "normal"]
[Board "41"]
[WhiteElo "1021"]
[BlackElo "1253"]
[PlyCount "87"]
[WhiteFideId "4648404"]
[EventCountry "GER"]
[EventRounds "9"]
[EventType "swiss"]
[EventDate "2006.06.03"]

1. d4 Nf6 2. c4 g6 3. Nc3 Bg7 4. Nf3 O-O 5. e3 d6 6. Be2 Nbd7 7. O-O e5 8. b3
Ne8 9. Bb2 f5 10. Ne1 g5 11. dxe5 Nxe5 12. Nd3 Ng6 13. Bh5 f4 14. Bxg6 hxg6 15.
Re1 c6 16. Ne4 Bf5 17. Bxg7 Kxg7 18. exf4 Bxe4 19. Rxe4 d5 20. cxd5 Qxd5 21.
Qe2 Rd8 22. Re7+ Kh8 23. Qe5+ Qxe5 24. Nxe5 Rf6 25. fxg5 Rfd6 26. h3 Kg8 27.
Rxb7 Rd1+ 28. Rxd1 Rxd1+ 29. Kh2 Rd2 30. Rxa7 Rxf2 31. Nxg6 c5 32. a4 c4 33.
bxc4 Nc7 34. Ne7+ Kf8 35. Rxc7 Re2 36. a5 Re6 37. c5 Ra6 38. g6 Rxg6 39. Nxg6+
Kg8 40. Nf4 Kf8 41. a6 Ke8 42. a7 Kd8 43. Nd5 Ke8 44. a8=Q# 1-0

[Event "3. ODEM U25 2006"]
[Site "Willingen GER"]
[Date "2006.06.05"]
[Round "3"]
[White "Müller, Alexander"]
[Black "Stövesand, Peter"]
[Result "1-0"]
[Termination "normal"]
[Board "43"]
[WhiteElo "1469"]
[BlackElo "1050"]
[PlyCount "85"]
[WhiteFideId "4624696"]
[BlackFideId "1270624"]
[EventCountry "GER"]
[EventRounds "9"]
[EventType "swiss"]
[EventDate "2006.06.03"]

1. e4 e5 2. Bc4 Bc5 3. b4 Bxb4 4. c3 Bc5 5. d4 exd4 6. cxd4 Bb4+ 7. Bd2 Bxd2+
8. Nxd2 Nf6 9. e5 Ng8 10. Qb3 Qe7 11. Ne2 Nc6 12. O-O a6 13. a4 Nb4 14. Bxf7+
Qxf7 15. Qxb4 Ne7 16. Ne4 b6 17. Rac1 O-O 18. Ng5 Qg6 19. Qxe7 Bb7 20. f4 h6
21. Rxc7 Bc6 22. Nf3 Rae8 23. Qb4 b5 24. a5 Qg4 25. h3 Qh5 26. Qd2 Kh8 27. d5
Ba8 28. Rxd7 Rf7 29. Rd6 Qf5 30. Nfd4 Qh7 31. e6 Rf6 32. Ng3 g5 33. Nh5 Rg6 34.
f5 Rgg8 35. Nf6 Qg7 36. Nxe8 Rxe8 37. f6 Qf8 38. Rd7 b4 39. Qd3 Qg8 40. Rg7
Qxg7 41. fxg7+ Kxg7 42. Rf7+ Kg8 43. Qh7# 1-0

[Event "3. ODEM U25 2006"]
[Site "Willingen GER"]
[Date "2006.06.05"]
[Round "3"]
[White "Naundorf, Jo-Jan"]
[Black "Brühan, Jan"]
[Result "0-1"]
[Termination "normal"]
[Board "44"]
[WhiteElo "1244"]
[BlackElo "1007"]
[PlyCount "206"]
[EventCountry "GER"]
[EventRounds "9"]
[EventType "swiss"]
[EventDate "2006.06.03"]

1. e4 e5 2. Nf3 Nc6 3. Bb5 Bc5 4. O-O Nf6 5. Nc3 d6 6. d3 Bg4 7. h3 Bh5 8. Bg5
h6 9. Bh4 g5 10. Bg3 g4 11. hxg4 Bxg4 12. Bh4 Rg8 13. Kh2 Rg6 14. Nd5 Be6 15.
Nxf6+ Rxf6 16. Bxf6 Qxf6 17. c3 O-O-O 18. Bxc6 bxc6 19. d4 exd4 20. cxd4 Bb6
21. a3 Rg8 22. Rc1 Bg4 23. Rc3 Qf4+ 24. g3 Qxe4 25. Re1 Qf5 26. Ree3 Ba5 27. b4
Bb6 28. Qd3 Qxd3 29. Rexd3 Bf5 30. Rd2 c5 31. dxc5 dxc5 32. Nh4 Bg4 33. Rdc2
cxb4 34. axb4 a5 35. bxa5 Bxa5 36. Ra3 Rg5 37. Rc4 Be6 38. Rca4 Bb6 39. f4 Rd5
40. Nf3 Rh5+ 41. Nh4 Rc5 42. Kg2 Bd5+ 43. Kh3 Be6+ 44. g4 Rc1 45. f5 Bd7 46.
Ra8+ Kb7 47. Rf8 Bc6 48. Ra2 Bc5 49. Rb2+ Ka7 50. Ra2+ Kb7 51. Raa8 Kb6 52.
Rfb8+ Bb7 53. Nf3 Rc3 54. Kg2 Rc2+ 55. Kf1 Rf2+ 56. Ke1 Rxf3 57. Ra4 Kb5 58.
Re4 Kc6 59. Ra4 Kb5 60. Re4 Kc6 61. Ra4 Kb5 62. Re4 Kc6 63. Ra4 Kb5 64. Re4 Kc6
65. Ra4 Rb3 66. Rh8 Kd7 67. Rxh6 Bb4+ 68. Kf2 Rb2+ 69. Ke3 Bd2+ 70. Kd3 Bxh6
71. Rd4+ Kc8 72. Kc4 Ba6+ 73. Kd5 Bb7+ 74. Kc4 Bg7 75. Rd1 Rc2+ 76. Kb3 Rc3+
77. Kb4 Rc2 78. Kb3 Rc6 79. Kb4 Bf8+ 80. Kb3 Rb6+ 81. Kc3 Bb4+ 82. Kc2 Bc6 83.
Rb1 Be4+ 84. Kc1 Bxb1 85. Kxb1 Rc6 86. g5 Rc5 87. g6 fxg6 88. fxg6 Rg5 89. Kb2
Rxg6 90. Kb3 Be7 91. Kc4 Rg5 92. Kd4 Kd7 93. Kc4 Kd6 94. Kb4 Kc6+ 95. Ka4 Kb6
96. Kb3 Rg4 97. Kc3 Kc6 98. Kb3 Kc5 99. Ka3 Kb5+ 100. Kb3 Rg3+ 101. Kb2 Kc4
102. Ka1 Kb3 103. Kb1 Rg1# 0-1

[Event "3. ODEM U25 2006"]
[Site "Willingen GER"]
[Date "2006.06.05"]
[Round "3"]
[White "Weißbeck, Joachim Daniel"]
[Black "Plumbaum, Nadja"]
[Result "1/2-1/2"]
[Termination "normal"]
[Board "45"]
[WhiteElo "1233"]
[BlackElo "971"]
[PlyCount "32"]
[WhiteFideId "4639227"]
[BlackFideId "24691941"]
[EventCountry "GER"]
[EventRounds "9"]
[EventType "swiss"]
[EventDate "2006.06.03"]

1. e4 c5 2. Nf3 Nc6 3. d4 cxd4 4. Nxd4 Nf6 5. Nc3 g6 6. Be3 Bg7 7. Qd2 O-O 8.
O-O-O d6 9. Bh6 Bd7 10. Be2 Nxd4 11. Bxg7 Nxe2+ 12. Qxe2 Kxg7 13. f3 Rc8 14. g4
Qa5 15. Qe3 Qc5 16. Qd2 Rc7 1/2-1/2

[Event "3. ODEM U25 2006"]
[Site "Willingen GER"]
[Date "2006.06.05"]
[Round "3"]
[White "Groß, Jonathan"]
[Black "Knies, Jonas"]
[Result "1/2-1/2"]
[Termination "normal"]
[Board "46"]
[WhiteElo "1008"]
[BlackElo "1191"]
[PlyCount "145"]
[BlackFideId "4635167"]
[EventCountry "GER"]
[EventRounds "9"]
[EventType "swiss"]
[EventDate "2006.06.03"]

1. e4 d5 2. exd5 Qxd5 3. Nc3 Qa5 4. d4 Nf6 5. Bc4 Nc6 6. Nf3 Bg4 7. Be3 O-O-O
8. Qe2 Nxd4 9. Bxd4 Rxd4 10. O-O e5 11. Bxf7 e4 12. Qe3 Rd7 13. Ng5 h6 14. Be6
Qxg5 15. Bxd7+ Bxd7 16. Qxa7 Bh3 17. Qa8+ Kd7 18. Rfd1+ Bd6 19. Qa4+ c6 20. g3
Qf5 21. Ne2 g5 22. Nd4 Qe5 23. Qb3 Kc8 24. Qa4 Rf8 25. Qa8+ Kc7 26. Qa7 e3 27.
Nf3 exf2+ 28. Qxf2 Bc5 29. Nxe5 Bxf2+ 30. Kxf2 Nd7+ 31. Ke3 Nxe5 32. a4 Nc4+
33. Ke4 Nxb2 34. Rd4 Bf5+ 35. Ke3 Be6 36. a5 Bd5 37. a6 Rf3+ 38. Ke2 bxa6 39.
Rxd5 Rc3 40. Rd2 Nc4 41. Rxa6 Nxd2 42. Kxd2 Rf3 43. Ke2 Rf5 44. Ra7+ Kd6 45.
Rh7 Rf6 46. h3 Kd5 47. Rd7+ Kc4 48. Rd3 c5 49. g4 Kb4 50. Rd8 Kc3 51. Rc8 c4
52. Rc7 Ra6 53. Rh7 Kxc2 54. Rb7 Re6+ 55. Kf3 c3 56. Rb8 Kd2 57. Rd8+ Kc1 58.
Rb8 Rd6 59. Ke2 Rd2+ 60. Ke1 Rh2 61. Rb6 Rxh3 62. Rb5 c2 63. Rb6 Rg3 64. Rxh6
Rb3 65. Rc6 Kb2 66. Kd2 Rb4 67. Rxc2+ Kb3 68. Rc3+ Ka4 69. Rg3 Rf4 70. Ke3 Kb5
71. Rf3 Rxg4 72. Rf5+ Kc6 73. Kf3 1/2-1/2

[Event "3. ODEM U25 2006"]
[Site "Willingen GER"]
[Date "2006.06.05"]
[Round "3"]
[White "Tiemann, Tobias"]
[Black "Heinrich, Philipp"]
[Result "1-0"]
[Termination "normal"]
[Board "48"]
[WhiteElo "989"]
[BlackElo "1180"]
[PlyCount "83"]
[WhiteFideId "4642350"]
[EventCountry "GER"]
[EventRounds "9"]
[EventType "swiss"]
[EventDate "2006.06.03"]

1. Nc3 e5 2. Nf3 Nc6 3. d4 f6 4. e4 Bb4 5. a3 Bxc3+ 6. bxc3 d5 7. Qd3 Be6 8.
Bb2 Qd6 9. Rd1 O-O-O 10. Be2 Nge7 11. O-O Ng6 12. Bc1 Rhe8 13. exd5 Bxd5 14.
dxe5 fxe5 15. Qf5+ Kb8 16. c4 Be6 17. Qh5 Nd4 18. Nxd4 exd4 19. h3 Bf7 20. Bd3
h6 21. Qb5 Re5 22. Qb3 b5 23. Qb2 Ka8 24. cxb5 Rb8 25. a4 a6 26. Bxg6 Bxg6 27.
Bf4 Rexb5 28. Qxb5 axb5 29. Bxd6 cxd6 30. axb5 Rxb5 31. Rxd4 Bxc2 32. Rxd6 Be4
33. Ra1+ Kb7 34. Rd7+ Kc6 35. Rxg7 h5 36. Ra6+ Kc5 37. Rg5+ Bd5 38. Rxh5 Rb1+
39. Kh2 Kd4 40. Rd6 Rb5 41. Rhxd5+ Rxd5 42. Rxd5+ 1-0

[Event "3. ODEM U25 2006"]
[Site "Willingen GER"]
[Date "2006.06.05"]
[Round "3"]
[White "Gussenberg, Torben"]
[Black "Holle, Eric"]
[Result "1-0"]
[Termination "normal"]
[Board "49"]
[WhiteElo "1140"]
[BlackElo "878"]
[PlyCount "83"]
[BlackFideId "4624610"]
[EventCountry "GER"]
[EventRounds "9"]
[EventType "swiss"]
[EventDate "2006.06.03"]

1. e4 e5 2. Bc4 Nf6 3. d3 h6 4. Nc3 Bc5 5. f4 exf4 6. Bxf4 O-O 7. e5 Re8 8.
Nge2 Ng4 9. d4 Bb6 10. h3 d6 11. hxg4 dxe5 12. Bxe5 Nc6 13. Rf1 Be6 14. Bxe6
Rxe6 15. Qd2 Bxd4 16. Bxd4 Nxd4 17. O-O-O Nxe2+ 18. Nxe2 Rd6 19. Qf4 Qd7 20.
Rxd6 cxd6 21. Rd1 Qe7 22. Nc3 Rd8 23. Ne4 d5 24. Nc3 Qd7 25. Rxd5 Qe7 26. Rxd8+
Qxd8 27. Ne4 Qd5 28. b3 Qd4 29. c3 Qg1+ 30. Kb2 Qxg2+ 31. Ka3 Qc2 32. g5 h5 33.
g6 fxg6 34. Ng5 Qf5 35. Qc4+ Kf8 36. Nh7+ Ke8 37. Qg8+ Ke7 38. Qxg7+ Qf7 39.
Qe5+ Qe6 40. Qg5+ Kd6 41. b4 a6 42. Qc5+ 1-0

[Event "3. ODEM U25 2006"]
[Site "Willingen GER"]
[Date "2006.06.05"]
[Round "3"]
[White "Worpenberg, Matthias"]
[Black "Berger, Manuel"]
[Result "1-0"]
[Termination "normal"]
[Board "50"]
[WhiteElo "951"]
[BlackElo "1129"]
[PlyCount "67"]
[WhiteFideId "24618128"]
[BlackFideId "24692506"]
[EventCountry "GER"]
[EventRounds "9"]
[EventType "swiss"]
[EventDate "2006.06.03"]

1. e4 c5 2. Nf3 Nc6 3. d4 cxd4 4. Nxd4 Nf6 5. Nc3 e5 6. Nf3 Bb4 7. Bd3 Bxc3+ 8.
bxc3 O-O 9. Ba3 Re8 10. Ng5 d5 11. exd5 Nxd5 12. Bxh7+ Kh8 13. Nxf7+ Kxh7 14.
Nxd8 Rxd8 15. Qh5+ Kg8 16. O-O Nxc3 17. Bb2 Na4 18. Bxe5 Nxe5 19. Qxe5 Bd7 20.
Rad1 Nb6 21. Rd2 Nc4 22. Qd5+ Kh8 23. Qxc4 Bb5 24. Rxd8+ Rxd8 25. Qxb5 Rd2 26.
Qxb7 Rxc2 27. Qxa7 Kh7 28. f4 Kh6 29. f5 Rc6 30. Qe3+ Kh7 31. Qh3+ Kg8 32. Qh4
Kf7 33. Qh5+ Kf6 34. Qg6+ 1-0

[Event "3. ODEM U25 2006"]
[Site "Willingen GER"]
[Date "2006.06.05"]
[Round "3"]
[White "Giesen, Frank"]
[Black "Dräger, Julian"]
[Result "0-1"]
[Termination "normal"]
[Board "51"]
[WhiteElo "901"]
[BlackElo "1125"]
[PlyCount "80"]
[EventCountry "GER"]
[EventRounds "9"]
[EventType "swiss"]
[EventDate "2006.06.03"]

1. e4 e5 2. Nf3 Nc6 3. d4 exd4 4. Nxd4 Bc5 5. Be3 Bb6 6. Nc3 Nf6 7. Nxc6 bxc6
8. Qd2 d5 9. Bxb6 cxb6 10. O-O-O Be6 11. Ba6 Rb8 12. Rhe1 O-O 13. e5 Nd7 14.
Bd3 d4 15. Ne4 Nxe5 16. f4 Nxd3+ 17. Qxd3 c5 18. Ng5 g6 19. Rxe6 fxe6 20. Nxe6
Qf6 21. Nxf8 Rxf8 22. Qc4+ Kg7 23. g3 g5 24. Qa6 gxf4 25. Qb7+ Rf7 26. Qf3 Qg5
27. gxf4 Rxf4 28. Qb7+ Rf7+ 29. Kb1 Rxb7 30. h4 Qxh4 31. Rg1+ Kh6 32. Kc1 Rg7
33. Rf1 Qg5+ 34. Kd1 Qg4+ 35. Ke1 Qe4+ 36. Kd1 Rg2 37. Rh1+ Kg5 38. Rh5+ Kxh5
39. b4 Qxc2+ 40. Ke1 Rg1# 0-1

[Event "3. ODEM U25 2006"]
[Site "Willingen GER"]
[Date "2006.06.06"]
[Round "4"]
[White "Bissbort, Julian"]
[Black "Rau, Hannes"]
[Result "0-1"]
[Termination "normal"]
[Board "1"]
[BlackTitle "IM"]
[WhiteElo "2042"]
[BlackElo "2395"]
[PlyCount "62"]
[WhiteFideId "24618144"]
[BlackFideId "4657594"]
[EventCountry "GER"]
[EventRounds "9"]
[EventType "swiss"]
[EventDate "2006.06.03"]

1. e4 c5 2. c3 Nf6 3. e5 Nd5 4. d4 cxd4 5. cxd4 d6 6. Nf3 Nc6 7. Bc4 Nb6 8.
Bxf7+ Kxf7 9. e6+ Kg8 10. d5 Ne5 11. Nxe5 dxe5 12. Nc3 h6 13. O-O g6 14. a4 Kh7
15. Qb3 Qc7 16. a5 Nc4 17. Nb5 Qc5 18. Ra4 Nd6 19. Nxd6 Qxd6 20. f4 b5 21. axb6
Bb7 22. fxe5 Qxd5 23. Qh3 Rc8 24. Rh4 Rxc1 25. Rxc1 axb6 26. Rf1 Bg7 27. Rhf4
Bc8 28. Qh4 g5 29. Qh5 Bxe6 30. R4f3 Rc8 31. h4 Qd4+ 0-1

[Event "3. ODEM U25 2006"]
[Site "Willingen GER"]
[Date "2006.06.06"]
[Round "4"]
[White "Willems, Sebastian"]
[Black "Billing, Christian"]
[Result "1/2-1/2"]
[Termination "normal"]
[Board "2"]
[WhiteElo "1886"]
[BlackElo "2080"]
[PlyCount "66"]
[BlackFideId "4697294"]
[EventCountry "GER"]
[EventRounds "9"]
[EventType "swiss"]
[EventDate "2006.06.03"]

1. c4 e6 2. Nc3 Nf6 3. e4 d5 4. e5 Nfd7 5. d4 dxc4 6. Bxc4 a6 7. Nf3 b5 8. Bd3
Bb7 9. Be4 Bxe4 10. Nxe4 Nb6 11. O-O N8d7 12. Qe2 Nd5 13. Bg5 Be7 14. Bxe7 Qxe7
15. Rac1 N7b6 16. Nc5 Nf4 17. Qe4 Nbd5 18. a3 g5 19. Nd3 Nxd3 20. Qxd3 h5 21.
Qc2 Kf8 22. Qc5 g4 23. Ng5 Qxc5 24. Rxc5 Kg7 25. Rd1 Rhd8 26. Ne4 Rd7 27. Rc2
a5 28. Kf1 b4 29. Rc5 bxa3 30. bxa3 a4 31. Rc4 Nb6 32. Rb4 Nd5 33. Rc4 Nb6
1/2-1/2

[Event "3. ODEM U25 2006"]
[Site "Willingen GER"]
[Date "2006.06.06"]
[Round "4"]
[White "Rittemann, Steffen"]
[Black "Held, Florian"]
[Result "1-0"]
[Termination "normal"]
[Board "3"]
[WhiteElo "2060"]
[BlackElo "2016"]
[PlyCount "75"]
[WhiteFideId "24620009"]
[BlackFideId "24629090"]
[EventCountry "GER"]
[EventRounds "9"]
[EventType "swiss"]
[EventDate "2006.06.03"]

1. e4 c5 2. Nf3 d6 3. Nc3 Nf6 4. e5 dxe5 5. Nxe5 Nbd7 6. Nc4 g6 7. g3 Bg7 8.
Bg2 O-O 9. O-O Nb6 10. Na5 Nbd5 11. Nc4 Be6 12. Qe2 Rb8 13. Re1 Re8 14. Nxd5
Bxd5 15. Bxd5 Qxd5 16. d3 e5 17. Bg5 Nd7 18. Qe4 Qe6 19. a4 b6 20. Re2 h6 21.
Bd2 f5 22. Qg2 Kh7 23. Rae1 Qg8 24. Qc6 Rbd8 25. Qc7 Qd5 26. Bc3 e4 27. Bxg7
Kxg7 28. b3 Rc8 29. Qxa7 Ra8 30. Qc7 Rec8 31. dxe4 fxe4 32. Qd6 Qxd6 33. Nxd6
Rf8 34. Rxe4 Nf6 35. Re7+ Kg8 36. Rb7 Nd5 37. c4 Nb4 38. Ree7 1-0